Statistiques concernant Les communes de Loire-Atlantique

Cliquez ici pour prendre le quiz!

Statistiques générales

  • Ce quiz a été pris 371 fois
  • Le résultat moyen est 70 sur 212

Statistiques - réponses

HintRéponse% Correct
NNantes
97%
PPornic
84%
SSaint-Nazaire
84%
SSaint-Herblain
78%
AAncenis
77%
RRezé
76%
VVertou
71%
CChâteaubriant
69%
OOrvault
69%
CCarquefou
68%
SSaint-Sébastien-sur-Loire
68%
CClisson
66%
GGuérande
66%
BLa Baule-Escoublac
66%
PPornichet
64%
CLa Chapelle-sur-Erdre
61%
BBouguenais
59%
CLe Croisic
59%
BBlain
58%
SSaint-Brévin-les-Pins
58%
SSucé-sur-Erdre
58%
CCouëron
57%
NNort-sur-Erdre
56%
SSainte-Luce-sur-Loire
55%
SSavenay
55%
SSaint-Michel-Chef-Chef
54%
BBasse-Goulaine
53%
PPontchâteau
52%
MMachecoul-Saint-Même
51%
HHaute-Goulaine
50%
BLa Bernerie-en-Retz
49%
PLe Pouliguen
49%
PPaimboeuf
49%
BBouaye
48%
SSainte-Pazanne
48%
VVallet
48%
CCordemais
46%
IIndre
46%
SSautron
46%
AAbbaretz
45%
HHéric
45%
BBatz-sur-Mer
44%
DDonges
44%
NNozay
44%
SSaint-Philbert-de-Grandlieu
44%
TThouaré-sur-Loire
44%
TTreillières
44%
MLa Montagne
43%
SLes Sorinières
43%
MMauves-sur-Loire
43%
VVue
43%
TLa Turballe
42%
GGuémené-Penfao
41%
CChaumes-en-Retz
40%
NNotre-Dame-des-Landes
40%
PLe Pellerin
39%
LLoireauxence
39%
VVilleneuve-en-Retz
39%
DDerval
38%
LLegé
38%
LLe Loroux-Bottereau
38%
MMontoir-de-Bretagne
38%
OOudon
38%
PPort-Saint-Père
38%
PPréfailles
38%
HLa Haie-Fouassière
37%
HHerbignac
36%
PLe Pallet
36%
PPiriac-sur-Mer
36%
PPlessé
36%
SSaint-Étienne-de-Montluc
36%
SSaint-Mars-du-Désert
36%
AAigrefeuille-sur-Maine
35%
MLes Moutiers-en-Retz
35%
SSaint-Père-en-Retz
35%
VVigneux-de-Bretagne
35%
AAssérac
34%
AAvessac
34%
BLe Bignon
34%
RRouans
34%
SSaint-Nicolas-de-Redon
34%
TTrignac
34%
BBouvron
33%
GGorges
33%
GGrandchamp-des-Fontaines
33%
TLe Temple-de-Bretagne
33%
FFrossay
32%
LLavau-sur-Loire
32%
MMissillac
32%
SSaint-Gildas-des-Bois
32%
CCampbon
31%
CCorsept
31%
DDivatte-sur-Loire
31%
FFay-de-Bretagne
31%
CLe Cellier
31%
MMouais
31%
PPont-Saint-Martin
31%
QQuilly
31%
JJoué-sur-Erdre
30%
PLa Plaine-sur-Mer
30%
SSaint-André-des-Eaux
30%
SSaint-Julien-de-Concelles
30%
VVieillevigne
30%
BBesné
29%
GGeneston
29%
LLigné
29%
SSaint-Lumine-de-Coutais
29%
SSaint-Mars-la-Jaille
29%
SSoudan
29%
FFégréac
28%
GGuenrouët
28%
IIssé
28%
CLa Chevrolière
28%
MMesquer
28%
MMontbert
28%
PPetit-Mars
28%
SSaffré
28%
SSaint-Jean-de-Boiseau
28%
BBrains
27%
DDrefféac
27%
MMouzillon
27%
PPrinquiau
27%
SSaint-Aignan-Grandlieu
27%
SSaint-Lyphard
27%
VVay
27%
BBouée
26%
CLa Chapelle-Launay
26%
GLa Grigonnais
26%
MMalville
26%
SSaint-Joachim
26%
VVair-sur-Loire
26%
CCasson
25%
CChâteau-Thébaud
25%
GGétigné
25%
SSaint-Lumine-de-Clisson
25%
CChauvé
24%
CCheix-en-Retz
24%
CCorcoué-sur-Logne
24%
CLa Chapelle-Heulin
24%
PLa Planche
24%
GLe Gâvre
24%
PPuceul
24%
RRougé
24%
SSainte-Reine-de-Bretagne
24%
SSaint-Molf
24%
LLa Limouzinière
23%
MMarsac-sur-Don
23%
MMassérac
23%
PPaulx
23%
PPierric
23%
SSaint-Fiacre-sur-Maine
23%
TTouvois
23%
CCrossac
22%
JJans
22%
RRemouillé
22%
RRiaillé
22%
SSaint-Colomban
22%
CLa Chevallerais
21%
MLa Meilleraye-de-Bretagne
21%
LLe Landreau
21%
SSainte-Anne-sur-Brivet
21%
SSaint-Étienne-de-Mer-Morte
21%
SSaint-Géréon
21%
SSaint-Léger-les-Vignes
21%
SSaint-Malo-de-Guersac
21%
SSaint-Viaud
21%
SSévérac
21%
CCouffé
20%
BLa Boissière-du-Doré
20%
CLa Chapelle-des-Marais
20%
MMésanger
20%
MLa Marne
19%
PPannecé
19%
SSaint-Hilaire-de-Chaléons
19%
SSion-les-Mines
19%
TTrans-sur-Erdre
19%
BBoussay
18%
CConquereuil
18%
EErbray
18%
LLusanger
18%
MMaisdon-sur-Sèvre
18%
PLe Pin
17%
MMouzeil
17%
SSaint-Vincent-des-Landes
17%
FFercé
16%
GGrand-Auverné
16%
CLa Chapelle-Glain
16%
TLes Touches
16%
MMoisdon-la-Rivière
16%
MMonnières
16%
SSaint-Hilaire-de-Clisson
16%
TTeillé
16%
VVillepot
16%
VVritz
16%
RLa Roche-Blanche
15%
PPetit-Auverné
15%
TTreffieux
15%
JJuigné-des-Moutiers
14%
LLouisfert
14%
NNoyal-sur-Brutz
14%
RRuffigné
14%
SSaint-Aubin-des-Châteaux
14%
SSaint-Julien-de-Vouvantes
14%
SSoulvache
14%
MMaumusson
13%
PPouillé-les-Côteaux
13%
RLa Remaudière
12%
MMontrelais
12%
SSaint-Sulpice-des-Landes
11%
RLa Regrippière
9%
SSaint-Malo-de-Coutais
8%
BBonnoeuvre
7%

Distribution des résultats

Percentile par nombre de réponses

% des personnes avec chaque résultat

Votre développement - résultats

Vous n’avez pas pris ce quiz